logo

Bir Sreshtho Munshi Abdur Rouf Library
Jhenaidah Cadet College

কাঠের কাজ শিক্ষা : (Record no. 6888)

MARC details
000 -LEADER
fixed length control field 01076nam a2200253 a 4500
001 - CONTROL NUMBER
JCCL Control Number 6888
003 - CONTROL NUMBER IDENTIFIER
JCCL marc code BD-JhCC
005 - DATE AND TIME OF LATEST TRANSACTION
control field 20180201155748.0
008 - FIXED-LENGTH DATA ELEMENTS--GENERAL INFORMATION
fixed length control field 180131s1985 bg a|||| b||| 000 0 ben d
035 ## - SYSTEM CONTROL NUMBER
system control number (BD-JhCC)6888
040 ## - CATALOGING SOURCE
Original cataloging agency BD-JhCC
Modifying agency BD-JhCC
041 ## - LANGUAGE CODE
Language code of Book Ben
082 ## - DEWEY DECIMAL CLASSIFICATION NUMBER
Classification number 684.08
Author mark and Year KAT 1985
245 ## - TITLE STATEMENT
Title কাঠের কাজ শিক্ষা :
Remainder of title নবম ও দশম শ্রেণির জন্য /
Statement of responsibility, etc সম্পাদনায় : আবদুর রশীদ, এ কে এম এ কুদ্দুস এবং আলতাফউদ্দিন আহমদ
260 ## - PUBLICATION, DISTRIBUTION, ETC. (IMPRINT)
Place of publication, distribution, etc ঢাকা :
Name of publisher, distributor, etc জাতীয় শিক্ষাক্রম ও টেকস্টবুক বোর্ড,
Date of publication, distribution, etc 1985.
300 ## - PHYSICAL DESCRIPTION
Pagination 199 p. :
Other physical details ill. ;
Dimensions 22 cm.
504 ## - BIBLIOGRAPHY, ETC. NOTE
Bibliography, etc Includes Bibliographical Reference.
650 ## - SUBJECT ADDED ENTRY--TOPICAL TERM
Topical term or geographic name as entry element Wood Work
General subdivision Study and Teaching
700 ## - ADDED ENTRY--PERSONAL NAME
Personal name রশীদ, আবদুর
700 ## - ADDED ENTRY--PERSONAL NAME
Personal name কুদ্দুস, এ কে এম এ
700 ## - ADDED ENTRY--PERSONAL NAME
Personal name আহমদ, আলতাফউদ্দিন
942 ## - ADDED ENTRY ELEMENTS (KOHA)
Source of classification or shelving scheme Dewey Decimal Classification
Koha item type Books
Holdings
Source of classification or shelving scheme Damaged status Not for loan Home library Current library Shelving location Date of accession Cost, normal purchase price Total Checkouts Full call number Barcode Date last seen Copy number Koha item type
Dewey Decimal Classification     JCC Rouf Library JCC Rouf Library General Stacks 01/31/2018 22.50   684.08 KAT 1985 9554 01/31/2018 C-1 Books
Dewey Decimal Classification     JCC Rouf Library JCC Rouf Library General Stacks 01/31/2018 22.50   684.08 KAT 1985 9555 01/31/2018 C-2 Books

JCC Library | Contacts | JCC Home

Last Update on 23 September 2017
Copyright @ 2017-2020 JCC Rouf Library
Rouf Library, Jhenidah Cadet College (JCC), Bangladesh